|
|
|
|
| LEADER |
00649nam a22002052a 4500 |
| 001 |
001860298 |
| 003 |
CZ BrMZK |
| 005 |
20230530093447.0 |
| 007 |
ta |
| 008 |
230530s1928 fr a er|||||||||||fre d |
| 040 |
|
|
|a BOA001
|b cze
|e aacr2
|
| 100 |
1 |
|
|a Musset, Alfred de,
|d 1810-1857
|7 jn19990005919
|4 aut
|
| 245 |
1 |
0 |
|a Poésies /
|c Alfred de Musset ; illustrations de Pierre Courtois
|
| 260 |
|
|
|a Paris :
|b H. Piazza,
|c [1928]
|
| 300 |
|
|
|a xvi, 182 s. :
|b il.
|
| 700 |
1 |
|
|a Courtois, Pierre
|4 ill
|
| 910 |
|
|
|a BOA001
|b 2-0221.704
|
| 990 |
|
|
|a BK
|
| 991 |
|
|
|b 202305
|
| 996 |
7 |
|
|b 2618752858
|c 2-0221.704
|l MZK
|r Sklad / do 24 hodin
|n 0
|w 001927381
|u 000010
|a 1
|e BOA001
|j MZK50
|s A
|